Nueva gramática Básica de la lengua española

Saved in:
Bibliographic Details
Corporate Author: Real Academia Española
Format: Book
Language:Undetermined
Published: Barcelona, España Asociación de Academias de la Lengua Española 2011
Subjects:
Tags: Add Tag
No Tags, Be the first to tag this record!

MARC

LEADER 00000nam a2200000Ia 4500
008 170316s9999 xx 000 0 und d
090 |a 415-E R-2nub 
110 |a Real Academia Española 
245 |a Nueva gramática Básica de la lengua española 
260 |a Barcelona, España 
260 |b Asociación de Academias de la Lengua Española 
260 |c 2011 
300 |a 305 páginas 
650 |a GRAMÁTICA ESPAÑOLA 
650 |a LA GRAMÁTICA 
650 |a MORFOLOGÍA 
650 |a SINTAXIS 
650 |a ESTRUCTURAS SINTÁCTICAS SIMPLES 
650 |a ESTRUCTURAS SINTÁCTICAS COMPLEJAS 
999 |c 19073  |d 19073 
040 |a cru BVZT 
942 |c 15 D  |h 415-E R-2nub  |2 z